00902nam a2200253 i 4500001000700000003000900007005001700016008004100033017001600074020001800090040001800108100002000126245008600146250003300232260006600265300002800331336002200359337003000381338002400411600004200435600004100477655001200518852011800530197719ES-MaACL20251212171857.0250519b2025 sp ||||| |||| 00| 0 spa d aM 9392-2025 a9788490415290 bspacES-MaACL1 aJosa, Lolaeaut aTeresa de Jesús y Juan de la Cruz : bsin máscaras y descalzos / cLola Josa. aPrimera edición: mayo 2025 aMadrid : bCompañía de Teatro Nacional Clásico, c2025. a89 páginas ; c21 cm. 2rdacontentatexto 2rdamediaasin mediación 2rdacarrieravolumen00aTeresa de Jesús,cSanta,d1515-158204aJuan de la Cruz, cSanto,d1542-1591 0aEnsayos aES-MaACLcDEPOJjN-10592gDedicatoria autógrafa de la autorahDonación: Lola JosaxEncuadernación rústica